| 000 | 02050 a2200253 4500 | ||
|---|---|---|---|
| 001 | 38527 | ||
| 005 | 20260407155648.0 | ||
| 008 | 260407a1979 arg spa d | ||
| 003 | AR-UNSa-BCEJYS | ||
| 040 |
_aAR-UNSa-BCEJYS _bspa _cAR-UNSa-BCEJYS |
||
| 080 |
_a658.8.012.12 _xInvestigación de mercados |
||
| 245 | 1 | 0 | _aInvestigación de mercados |
| 020 | _a968-451-169-8 | ||
| 264 | 1 |
_aMéxico : _bMcGraw-Hill _c1979 |
|
| 300 |
_a740 p. _c23 cm. |
||
| 505 | _a1. Naturaleza y papel que desempeñe a la investigación de mercado - 2. Sistema de investigación de mercado - 3. Ejemplo de investigación de mercado - 4. El negocio de la investigación de mercado - 5. La decisión para llevar a cabo la investigación - 6. Modelo de investigación y fuentes de información - 7. Información secundaria - 8. Fundamentos del muestreo - 9. Muestreo aleatorio simple - 10. Procedimientos más complejos de muestreo - 11. Aspectos prácticos de muestreo: error no muestreal y tamaño de la muestra - 12. El proceso de la medición - 13. Medición de actitudes - 14. Principios de experimentación y cuasi-experimentación: la búsqueda de la causalidad - 15. Fundamentos del diseño de experimentos - 16. Experimentos de diseño mas complejo - 17. Mercadeo de prueba - 18. Métodos de recopilación de información - 19. Diseño de formas para la recolección de información - 20. Operaciones de campo - 21. Procesamiento de la información - 22. Análisis de información univariada - 23. Análisis de información bivariada - 24. Informe sobre los hallazgos de la investigación - 25. Análisis de información multivariado: Métodos de interdependencia - 26. Análisis de información multivariado:II Métodos de dependencia - 27. Un enfoque de la teoría de la decisión sobre la investigación de mercados. | ||
| 942 | _cBK | ||
| 590 | _aniveau_biblio:m niveau_hierar:0 | ||
| 100 | 1 | _aKinnear, Thomas C. | |
| 700 | 1 | _aTaylor, James R. | |
| 700 | 1 | _aCiardell Fadul, Giovanny | |
| 700 | 1 | _aKresge, Sebastian S. | |
| 700 | 1 | _aFerro, Alvaro Franco | |
| 999 |
_c2893 _d2893 |
||